<?xml version="1.0" encoding="UTF-8"?>
<collection xmlns="http://www.loc.gov/MARC21/slim">
    <record>
        <controlfield tag="001">77213</controlfield>
        <controlfield tag="005">20200716101525.0</controlfield>
        <datafield tag="024" ind1="8" ind2=" ">
            <subfield code="2">sideral</subfield>
            <subfield code="a">110566</subfield>
        </datafield>
        <datafield tag="037" ind1=" " ind2=" ">
            <subfield code="a">ART-2019-110566</subfield>
        </datafield>
        <datafield tag="041" ind1=" " ind2=" ">
            <subfield code="a">spa</subfield>
        </datafield>
        <datafield tag="100" ind1=" " ind2=" ">
            <subfield code="0">(orcid)0000-0002-5535-6974</subfield>
            <subfield code="a">Estrada-Marcén N.</subfield>
            <subfield code="u">Universidad de Zaragoza</subfield>
        </datafield>
        <datafield tag="245" ind1=" " ind2=" ">
            <subfield code="a">Professional profile of workers in the fitness sector in the city of Zaragoza [Perfil profesional de los trabajadores del sector del fitness en la ciudad de Zaragoza]</subfield>
        </datafield>
        <datafield tag="260" ind1=" " ind2=" ">
            <subfield code="c">2019</subfield>
        </datafield>
        <datafield tag="506" ind1="0" ind2=" ">
            <subfield code="a">Access copy available to the general public</subfield>
            <subfield code="f">Unrestricted</subfield>
        </datafield>
        <datafield tag="520" ind1="3" ind2=" ">
            <subfield code="a">Currently, the Fitness sector is booming in our country, which leads to a significant increase in jobs related to it. However, the profile of its workers has barely been studied. The purpose of this work is to describe the characteristics of professionals employed in fitness centers in a representative city at a national level such as Zaragoza (Spain). Said description is made by the Technical Directors and/or coordinators of the contracting centers. In the consumer sector the Aragonese capital is usually the city that best represents the Spanish socioeconomic reality, since it has a large size, located halfway between Madrid, Barcelona and Euskadi. Zaragoza meets the conditions to represent well the Spanish average in many market studies. 19 centers participated in the study and their technical directors or coordinators completed a questionnaire created for this purpose. The percentages of men and women working in the sector in the city of Zaragoza are very close. The work centers usually establish incentive policies of continuous training, sharing their expenses frequently between worker and company (79%). The vast majority of centers have at least one graduate in Physical Activity and Sports Sciences, who performs tasks of monitorer or instructor in most cases. When it comes to hiring professionals of a fitness center, work experience prevails in front of the skills in the position, personality, or education degree, respectively. © Federacion Espanola de Docentes de Educacion Fisica. All rights reserved.e by the Technical Directors and/or coordinators of the contracting centers. In the consumer sector the Aragonese capital is usually the city that best represents the Spanish socioeconomic reality, since it has a large size, located halfway between Madrid, Barcelona and Euskadi. Zaragoza meets the conditions to represent well the Spanish average in many market studies. 19 centers participated in the study and their technical directors or coordinators completed a questionnaire created for this purpose. The percentages of men and women working in the sector in the city of Zaragoza are very close. The work centers usually establish incentive policies of continuous training, sharing their expenses frequently between worker and company (79%). The vast majority of centers have at least one graduate in Physical Activity and Sports Sciences, who performs tasks of monitorer or instructor in most cases. When it comes to hiring professionals of a fitness center, work experience prevails in front of the skills in the position, personality, or education degree, respectively.</subfield>
        </datafield>
        <datafield tag="540" ind1=" " ind2=" ">
            <subfield code="9">info:eu-repo/semantics/openAccess</subfield>
            <subfield code="a">by-nc-nd</subfield>
            <subfield code="u">http://creativecommons.org/licenses/by-nc-nd/3.0/es/</subfield>
        </datafield>
        <datafield tag="592" ind1=" " ind2=" ">
            <subfield code="a">0.317</subfield>
            <subfield code="b">2019</subfield>
        </datafield>
        <datafield tag="593" ind1=" " ind2=" ">
            <subfield code="a">Education</subfield>
            <subfield code="c">2019</subfield>
            <subfield code="d">Q3</subfield>
        </datafield>
        <datafield tag="593" ind1=" " ind2=" ">
            <subfield code="a">Physical Therapy, Sports Therapy and Rehabilitation</subfield>
            <subfield code="c">2019</subfield>
            <subfield code="d">Q3</subfield>
        </datafield>
        <datafield tag="593" ind1=" " ind2=" ">
            <subfield code="a">Orthopedics and Sports Medicine</subfield>
            <subfield code="c">2019</subfield>
            <subfield code="d">Q3</subfield>
        </datafield>
        <datafield tag="655" ind1=" " ind2="4">
            <subfield code="a">info:eu-repo/semantics/article</subfield>
            <subfield code="v">info:eu-repo/semantics/publishedVersion</subfield>
        </datafield>
        <datafield tag="700" ind1=" " ind2=" ">
            <subfield code="a">Sanz Gonzalo G.</subfield>
        </datafield>
        <datafield tag="700" ind1=" " ind2=" ">
            <subfield code="0">(orcid)0000-0002-0575-3541</subfield>
            <subfield code="a">Casterad Seral J.</subfield>
            <subfield code="u">Universidad de Zaragoza</subfield>
        </datafield>
        <datafield tag="700" ind1=" " ind2=" ">
            <subfield code="a">Simón Grima J.</subfield>
        </datafield>
        <datafield tag="700" ind1=" " ind2=" ">
            <subfield code="a">Roso Moliner A.</subfield>
        </datafield>
        <datafield tag="710" ind1="2" ind2=" ">
            <subfield code="1">3001</subfield>
            <subfield code="2">187</subfield>
            <subfield code="a">Universidad de Zaragoza</subfield>
            <subfield code="b">Dpto. Expres.Music.Plást.Corp.</subfield>
            <subfield code="c">Área Didáctica Expres.Corporal</subfield>
        </datafield>
        <datafield tag="710" ind1="2" ind2=" ">
            <subfield code="1">1006</subfield>
            <subfield code="2">245</subfield>
            <subfield code="a">Universidad de Zaragoza</subfield>
            <subfield code="b">Dpto. Fisiatría y Enfermería</subfield>
            <subfield code="c">Área Educación Física y Depor.</subfield>
        </datafield>
        <datafield tag="773" ind1=" " ind2=" ">
            <subfield code="g">35 (2019), 185-190</subfield>
            <subfield code="p">Retos (Madr.)</subfield>
            <subfield code="t">Retos</subfield>
            <subfield code="x">1579-1726</subfield>
        </datafield>
        <datafield tag="856" ind1="4" ind2="1">
            <subfield code="u">https://recyt.fecyt.es/index.php/retos/article/download/63892/40838</subfield>
            <subfield code="z">Texto completo de la revista</subfield>
        </datafield>
        <datafield tag="856" ind1="4" ind2=" ">
            <subfield code="s">77480</subfield>
            <subfield code="u">http://zaguan.unizar.es/record/77213/files/texto_completo.pdf</subfield>
            <subfield code="y">Versión publicada</subfield>
        </datafield>
        <datafield tag="856" ind1="4" ind2=" ">
            <subfield code="s">137795</subfield>
            <subfield code="u">http://zaguan.unizar.es/record/77213/files/texto_completo.jpg?subformat=icon</subfield>
            <subfield code="x">icon</subfield>
            <subfield code="y">Versión publicada</subfield>
        </datafield>
        <datafield tag="909" ind1="C" ind2="O">
            <subfield code="o">oai:zaguan.unizar.es:77213</subfield>
            <subfield code="p">articulos</subfield>
            <subfield code="p">driver</subfield>
        </datafield>
        <datafield tag="951" ind1=" " ind2=" ">
            <subfield code="a">2020-07-16-09:29:52</subfield>
        </datafield>
        <datafield tag="980" ind1=" " ind2=" ">
            <subfield code="a">ARTICLE</subfield>
        </datafield>
    </record>

    
</collection>